000 01189nam a2200289 c 4500
999 _c206567
_d206567
003 BLK
005 20230407162011.0
008 180411b bul|||||r ||||||| ||bul||
010 _aKNG00216317000
040 _aBLK
041 _aBUL
_cBUL
080 _aАвстрийска литература
_b821.112(436)
_x-31
_z821.112(436)-31
100 1 _aМузил, Роберт
_eпърви автор
_999467
139 _aЛутанията на възпитаника Тьорлес : Лутанията на възпитаника Тьорлес
_bЛ 89
245 1 0 _aЛутанията на възпитаника Тьорлес
_bРоман
_cРоберт Музил; прев. от нем. Надя Фурнаджиева.
257 _aAUT
260 _aПловдив
_bХристо Г. Данов
_c1983
300 _a208 с.
_c20 см
380 _aX
500 _aОриг. загл. Die Verwirrungen des Zoglings Toriess / Robert Musil.
700 1 _aФурнаджиева, Надя
_eпрев. от нем.
_9386727
852 _aЦб 121765
856 4 _qpdf
_i0.00
_ldisable
856 4 _qpdf
_i0.00
_ldisable
942 _cKNG
_n0
_s1
944 _aCR
_c23.02.2018
_kКети_Илиева
944 _aED
_c23.02.2018
_kКети_Илиева
999 _d206567